Universities Hand Book Vol- II 2014 (L- Z) (Record no. 6318)

MARC details
000 -LEADER
fixed length control field 00376nam a2200133Ia 4500
003 - CONTROL NUMBER IDENTIFIER
control field OSt
008 - FIXED-LENGTH DATA ELEMENTS--GENERAL INFORMATION
fixed length control field 191201s2014 xx 000 0 und d
100 ## - MAIN ENTRY--PERSONAL NAME
Personal name ASSOCIATION OF INDIAN UNIVERSITIES
245 #0 - TITLE STATEMENT
Title Universities Hand Book Vol- II 2014 (L- Z)
260 ## - PUBLICATION, DISTRIBUTION, ETC. (IMPRINT)
Place of publication, distribution, etc N. Delhi
Name of publisher, distributor, etc Association of Indian Universities
Date of publication, distribution, etc 2014
300 ## - PHYSICAL DESCRIPTION
Extent 1-1118
650 ## - SUBJECT ADDED ENTRY--TOPICAL TERM
Topical term or geographic name as entry element General Books
942 ## - ADDED ENTRY ELEMENTS (KOHA)
Source of classification or shelving scheme Dewey Decimal Classification
Koha item type Text Books
Holdings
Withdrawn status Lost status Source of classification or shelving scheme Damaged status Not for loan Collection code Home library Current library Date acquired Source of acquisition Cost, normal purchase price Bill Number Total Checkouts Acc. no. / Barcode Checked out Date last seen Date last borrowed Actual Cost, discounted price Bill Date Koha item type
    Dewey Decimal Classification     GENERAL PIET C-LIBRARY PIET C-LIBRARY 04/11/2015 ASSOCIAN OF INDIAN UNIVERSITIES 3000.00 B0005629 1 26277 11/01/2021 14/07/2020 14/07/2020 0.00 25/05/2015 Text Books

Design & Developed by: PIET Central Library
R70 Miles Stone Pattikalyana Samalkha Panipat 132102
mail ID :- [email protected], Phone No:- 0180-2569700 Ex.216